| 000 | 00743nam a2200241Ia 4500 | ||
|---|---|---|---|
| 003 | OSt | ||
| 005 | 20220926034010.0 | ||
| 006 | a|||||r|||| 00| 0 | ||
| 007 | ta | ||
| 008 | 220923b |||||||| |||| 00| 0 eng d | ||
| 037 | _cGeneral Book | ||
| 040 |
_aRTL _cRTL _beng |
||
| 041 |
_2eng _aeng |
||
| 082 | _aX:57.1-1.N7, L6 | ||
| 100 |
_aStem Carl H Ed. _9339899 |
||
| 245 | 0 | _aEurocurrenciew and the international monetary syst | |
| 260 |
_aWashington _bAEIPPR _c1976 |
||
| 300 |
_a413p. Bib p 377-413 _ccm. |
||
| 490 | _aAmerican Enterprise Institute for Public Policy Research, Publication | ||
| 650 | _aForeign Exchange | ||
| 942 |
_hX:57.1-1.N7, L6 _cGB _2CC |
||
| 999 |
_c658515 _d658515 |
||